书目信息 |
| 题名: |
黑色破局
|
|
| 作者: | 袁道之 , 白莉 著 | |
| 分册: | ||
| 出版信息: | 银川 宁夏人民出版社 2008.06 |
|
| 页数: | 395页 | |
| 开本: | 23cm | |
| 丛书名: | ||
| 单 册: | ||
| 中图分类: | I247.5 | |
| 科图分类: | ||
| 主题词: | 长篇小说--chang pian xiao shuo--中国--当代 | |
| 电子资源: | ||
| ISBN: | 978-7-227-03783-5 | |
| 000 | 00835nam0 2200241 450 | |
| 001 | 012009611452 | |
| 005 | 20090916175723.12 | |
| 010 | @a978-7-227-03783-5@dCNY42.00 | |
| 100 | @a20090916d2008 em y0chiy0120 ea | |
| 101 | 0 | @achi |
| 102 | @aCN@b630000 | |
| 105 | @ay z 000ay | |
| 106 | @ar | |
| 200 | 1 | @a黑色破局@Ahei se po ju@f袁道之, 白莉著@Fyuan dao zhi,bai li zhu |
| 210 | @a银川@c宁夏人民出版社@d2008.06 | |
| 215 | @a395页@d23cm | |
| 330 | @a本书作者匠心独具,视野绝妙,成功改编了当前中国谍战小说之模式,以谍战中的设局与破局作为情节主线,将中日金融战的特殊领域当成切入点,故事不落俗套,引人入胜。 | |
| 606 | 0 | @a长篇小说@Achang pian xiao shuo@y中国@z当代 |
| 690 | @aI247.5@v4 | |
| 701 | 0 | @a袁道之@Ayuan dao zhi@4著 |
| 701 | 0 | @a白莉@Abai li@4著 |
| 801 | 0 | @aCN@bQSSK@c20090916 |
| 905 | @b752402-04@dI247.5@eY889@f3 | |
| 黑色破局/袁道之, 白莉著.-银川:宁夏人民出版社,2008.06 |
| 395页;23cm |
| ISBN 978-7-227-03783-5:CNY42.00 |
| 本书作者匠心独具,视野绝妙,成功改编了当前中国谍战小说之模式,以谍战中的设局与破局作为情节主线,将中日金融战的特殊领域当成切入点,故事不落俗套,引人入胜。 |
| ● |
| 相关链接 |
|
|
|
正题名:黑色破局
索取号:I247.5/Y889
 
预约/预借
| 序号 | 登录号 | 条形码 | 馆藏地/架位号 | 状态 | 备注 |
| 1 | 752402 | 207524026 | 文学库108/108文学库 41排1列2层/ [索取号:I247.5/Y889] | 在馆 | |
| 2 | 752403 | 207524035 | 社科二线422/422社科库 1排2列1层/ [索取号:I247.5/Y889] | 在馆 | |
| 3 | 752404 | 207524044 | 社科二线422/422社科库 5排1列1层/ [索取号:I247.5/Y889] | 在馆 |